| 000 | 00913nam a2200205Ia 4500 | ||
|---|---|---|---|
| 003 | IN-BaIIA | ||
| 008 | 211028s9999 xx 000 0 eng d | ||
| 040 | _cIIA Library | ||
| 080 |
_a538(063) _bHYD |
||
| 111 |
_aWorkshop in Honour of Professor Wasaburo Unno's 60th Birthday _cHotel Komaba Eminence _d1986 Feb. 25-28 _915116 |
||
| 245 | 0 |
_aHydrodynamic and magnetohydrodynamic problems in the sun and Stars _bproceedings of the Workshop in honour of Professor Wasaburo Unno's 60th birthday, held in Hotel Komaba Eminence, Tokyo, 25 - 28 February 1986 _cedited by Y. Osaki |
|
| 260 |
_aTokyo _bDepartment of Astronomy _c1986 |
||
| 300 | _a[various pagings.] | ||
| 650 | _aAstronomy and Astrophysics thesaurus | ||
| 650 |
_aHydrodynamics _91514 |
||
| 650 |
_aMagnetohydrodynamics _91666 |
||
| 650 |
_aPlasma waves _94296 |
||
| 700 |
_aOsaki, Y., ed. _915117 |
||
| 942 | _cBK | ||
| 999 |
_c8991 _d8991 |
||